| 000 | 00719nam a2200181Ia 4500 | ||
|---|---|---|---|
| 008 | 090630s9999 xx 000 0 und d | ||
| 082 | _b22640 | ||
| 100 | _aराव नागमणी एस. / वैद्य मा. गो. | ||
| 245 |
_aएकलव्य. _cराव नागमणी एस. / वैद्य मा. गो. |
||
| 260 |
_bफैजपुरकर प्रभाकर. _c2001 |
||
| 300 | _a48 | ||
| 600 | _aराव नागमणी एस. / वैद्य मा. गो. | ||
| 630 | _aएकलव्य. | ||
| 655 | _aचरित्र. | ||
| 700 | _aराव नागमणी एस. / वैद्य मा. गो. | ||
| 730 | _aएकलव्य. | ||
| 942 | _cBOOK | ||
| 999 |
_c274496 _d274496 |
||